[Event "Perth op"]
[Site "Perth"]
[Date "2023.01.02"]
[Round "1"]
[White "Arav, Callan"]
[Black "Gunasekara, Tharanga Abesuriya"]
[Result "0-1"]
[WhiteElo "1157"]
[BlackElo "1079"]
[PlyCount "36"]
[EventDate "2023.01.02"]
[EventType "swiss"]
[EventRounds "11"]
[EventCountry "AUS"]
[SourceTitle "CBM 212 Extra"]
[Source "ChessBase"]
[SourceDate "2023.03.31"]
[SourceVersion "1"]
[SourceVersionDate "2023.03.31"]
[SourceQuality "1"]

1. e4 c6 2. d4 d5 3. e5 Bf5 4. Be3 e6 5. Be2 Nd7 6. f4 a6 7. Nf3 c5 8. 0-0 cxd4 9. Nxd4 Be4 10. Nc3 Bg6 11. f5 exf5 12. e6 Nc5 13. Ncb5 Nxe6 14. Nxf5 Bxf5 15. Rxf5 Nf6 16. Bd2 Bc5+ 17. Kh1 0-0 18. Bg5 Nxg5 0-1